<?xml version="1.0" encoding="UTF-8"?>
<collection xmlns="http://www.loc.gov/MARC21/slim">
 <record>
  <leader>00632pamaa2200193   4500</leader>
  <controlfield tag="001">0000032717</controlfield>
  <controlfield tag="005">20060615090000.0</controlfield>
  <datafield tag="020" ind1="0" ind2="0">
   <subfield code="a">0631229515 </subfield>
  </datafield>
  <datafield tag="082" ind1=" " ind2=" ">
   <subfield code="a">658.15KIM 2002</subfield>
  </datafield>
  <datafield tag="090" ind1="0" ind2="0">
   <subfield code="a">HG4026 </subfield>
   <subfield code="b">KIM 2002</subfield>
  </datafield>
  <datafield tag="100" ind1="1" ind2="0">
   <subfield code="a">KIM </subfield>
  </datafield>
  <datafield tag="245" ind1="1" ind2="0">
   <subfield code="a">Global corporate finance : </subfield>
   <subfield code="b">text and cases  </subfield>
   <subfield code="c">Suk H. Kim, Seung H. Kim, Kenneth A. Kim.</subfield>
  </datafield>
  <datafield tag="250" ind1="0" ind2="0">
   <subfield code="a">5th ed.</subfield>
  </datafield>
  <datafield tag="260" ind1="0" ind2="0">
   <subfield code="a">Massachusetts: </subfield>
   <subfield code="b">Blackwell Publishers, </subfield>
   <subfield code="c">2002.</subfield>
  </datafield>
  <datafield tag="300" ind1=" " ind2=" ">
   <subfield code="a">xxv, 582p.; </subfield>
   <subfield code="c">25cm.</subfield>
  </datafield>
  <datafield tag="500" ind1="0" ind2="0">
   <subfield code="a">Includes 1 CD-ROM titled &quot; Study guide to accompany global corporate finance: text and cases &quot;</subfield>
  </datafield>
  <datafield tag="650" ind1="0" ind2="0">
   <subfield code="a">Corporate finance </subfield>
  </datafield>
  <datafield tag="700" ind1="1" ind2="1">
   <subfield code="a">Kim, </subfield>
   <subfield code="h">Kenneth A </subfield>
  </datafield>
  <datafield tag="700" ind1="1" ind2="1">
   <subfield code="a">Kim, </subfield>
   <subfield code="h">Seung H </subfield>
  </datafield>
 </record>
</collection>
